Match the country with its capital - Statistics

General Stats
  • This quiz has been taken 38 times
  • The average score is 9 of 12
Answer Stats
Hint Explanation Answer % Correct
Brazil Brasilia
97%
Argentina Buenos Aires
90%
Colombia Bogotá
87%
Chile Santiago
83%
Peru Lima
80%
Uruguay Montevideo
80%
Venezuela Caracas
77%
Suriname Paramaribo
73%
Ecuador Quito
73%
Guyana Georgetown
67%
Bolivia Sucre(de jure) and La Paz is where the government is Sucre/La Paz
63%
Paraguay Asunción
57%
No matching quizzes found
Score Distribution
Percent of People with Each Score
Percentile by Number Answered
Your Score History
You have not taken this quiz